000 007360000a22002530004500
003 LK-CoMWRAF
008 230817t1995 ||||| |||| 00| 0 eng d
040 _aLK-CoMWRAF
_dLK-CoMWRAF
_eLK-CoMWRAF
041 _aeng
082 _a320.9
_bIND
111 _aINDIA- SRI LANKA CONSULTATION ON DEVOLUTION
_c( Colombo, BMICH
_d4th March,1995)
245 _aIndia-Sri Lanka consultation on devolution
260 _aColombo:
_bICES,
_c1995
300 _a49 p.
490 _aMonograph
_v4
650 _aDEVOLUTION OF POWER
650 _aFedaralism
700 _aHedge, Ramakrishna
700 _aMitra, Ashok
700 _aNoorani, A.G.
700 _aMukarji, Nirmal
856 _uhttps://noolaham.net/project/43/4201/4201.pdf
942 _cCP
999 _c77
_d77